| 000 | 00714nam a22002297a 4500 | ||
|---|---|---|---|
| 999 |
_c17837 _d17837 |
||
| 003 | AR-CdUCM | ||
| 008 | 190509b ||||| |||| 00| 0 spa d | ||
| 040 |
_aMUNICIPALIDAD PROVINCIAL DEL CUSCO _cBIBLIOTECA MUNICIPAL DEL CUSCO |
||
| 082 |
_a590 / _bB82 |
||
| 100 |
_aBrehm, Alfred _938016 |
||
| 245 |
_aVida de los animales : _bAves / |
||
| 260 |
_aMadrid : _bMediterráneo, _c1965. |
||
| 300 |
_a309 páginas ; _c21 cm. |
||
| 440 |
_aColección de bolsillo Edime _938017 |
||
| 505 | _aContenido : Aves -- Peteroclaceas -- Ranfastidios -- Cuculidos... | ||
| 650 |
_aAves _92630 |
||
| 650 |
_aHábitat _94961 |
||
| 650 |
_aNaturaleza _94241 |
||
| 700 |
_aZalamea _938018 |
||
| 942 |
_2ddc _cLIBROS |
||
| 945 | _arcc | ||